| 000 | 00456cam a22001934a 4500 | ||
|---|---|---|---|
| 005 | 20250605164316.0 | ||
| 008 | 250528s ||||||||||||||||||||||||d | ||
| 035 | _a22714 | ||
| 020 | _a9780137690688 | ||
| 040 |
_aGR-AtMCL _bgre _dGR-AtMCL _eAACR2 |
||
| 245 | 1 | _aEUROPEAN UNION ECONOMICS | |
| 250 | _a4 | ||
| 260 |
_bPrentice Hall Europe, _c1998 |
||
| 300 | _a366 | ||
| 700 | 1 |
_aHitiris Theo _921 |
|
| 942 | _cBK | ||
| 999 |
_c7760 _d7760 |
||